English Cathedrals - Statistics

General Stats
  • This quiz has been taken 274 times
  • The average score is 31 of 42
Answer Stats
Answer % Correct
St Paul's London
95%
York
95%
Manchester
94%
Liverpool
93%
Canterbury
91%
Birmingham
88%
Christ Church Oxford
87%
Durham
87%
Norwich
87%
Worcester
86%
Exeter
85%
Lincoln
85%
Newcastle
85%
Ely
84%
Gloucester
81%
Wells
81%
Winchester
81%
Bristol
80%
Salisbury
80%
Chester
79%
Leicester
79%
Truro
77%
Carlisle
75%
Derby
74%
Chichester
70%
Sheffield
70%
Coventry
68%
Hereford
68%
Peterborough
68%
Portsmouth
66%
St Albans
65%
Bradford
64%
Lichfield
64%
Ripon
60%
Southwark
58%
Chelmsford
53%
Guildford
53%
Rochester
52%
St Edmundsbury
46%
Wakefield
45%
Blackburn
40%
Southwell
37%
No matching quizzes found
Score Distribution
Percent of People with Each Score
Percentile by Number Answered
Your Score History
You have not taken this quiz